[Event "RUS-ch"]
[Site "Sochi"]
[Date "1998.??.??"]
[Round "8"]
[White "Rutman, A."]
[Black "Bykhovsky, Anatoly A"]
[Result "0-1"]
[WhiteElo "2320"]
[BlackElo "2420"]

1.d4 d5 2.c4 e6 3.Nf3 c6 4.e3 Nf6 5.Nc3 Nbd7 6.Qc2 Bd6 7.b3 O-O 8.Be2 Re8
9.O-O dxc4 10.Bxc4 h6 11.Bb2 e5 12.Ne4 Nxe4 13.Qxe4 Nf6 14.Qh4 e4 15.Ne5 Be6
16.Rad1 Bd5 17.f4 exf3 18.gxf3 Nd7 19.Qxd8 Raxd8 20.Nxd7 Rxd7 21.e4 Be6 22.Kg2 Red8
23.Rd3 Be5 24.Bxe6 fxe6 25.f4 Bxd4 26.Rfd1 c5 27.Kf3 e5 28.fxe5 Kf7 29.Bxd4 Rxd4
30.Rxd4 cxd4 31.Ke2 d3+ 32.Kd2 Ke6 33.Rc1 Rd7 34.Rc5 b6 35.Rb5 g5 36.a4 h5
37.a5 bxa5 38.Rxa5 g4 39.Ra6+ Kxe5 40.Ra5+ Kxe4 41.Rxh5 Rc7 42.Rh8 Rc2+ 43.Kd1 a5
44.h4 Kf3 45.Rh5 Ra2 46.Ke1 Ke3 47.Re5+ Kd4 48.Rh5 Kc3  0-1

[Event "POL-ch (Women)"]
[Site "Sopot"]
[Date "1998.??.??"]
[Round "?"]
[White "Radziewicz, Iweta"]
[Black "Kludacz, Magdalena"]
[Result "1/2-1/2"]
[WhiteElo "2420"]
[BlackElo "2180"]

1.d4 d5 2.c4 c6 3.Nc3 Nf6 4.e3 e6 5.Nf3 Nbd7 6.Qc2 b6 7.cxd5 exd5 8.Bd3 Bb7
9.O-O Be7 10.b3 O-O 11.Bb2 Rc8 12.Qe2 Qc7 13.Rfd1 Rfd8 14.Rac1 c5 15.Bf5 Qb8
16.dxc5 bxc5 17.Na4 Qd6 18.Ba3 Rc7 19.e4 Qf4 20.exd5 Nb6 21.Nxb6 axb6 22.Bb1 Bxd5
23.Qe5 Qxe5 24.Nxe5 Bd6 25.Bb2 Re7 26.f4 Bc7 27.Rd2 Rde8 28.Rcd1 Be4 29.Bd3 Bxd3
30.Rxd3 Bxe5 31.fxe5 Ng4 32.Rd7 Rxd7 33.Rxd7 f6 34.Rd6 fxe5 35.h3 Ne3 36.Rxb6 e4
37.Rb7 Nf5 38.Kf1 e3 39.Ke2 Nd4+ 40.Bxd4 cxd4 41.Rd7 Ra8 42.Rxd4 Rxa2+ 43.Kxe3 Rxg2
44.Kd3 Rg3+ 45.Kc4 Rxh3 46.b4 Kf7 47.b5 Ke6 48.b6 Rh1 49.Kb5 Rb1+ 50.Kc6 g5
51.Rd6+ Kf5 52.Rd5+ Kf4 53.Rb5 Rc1+ 54.Kd7 Ra1 55.b7 Ra7 56.Ke6 Rxb7 57.Rxb7 g4
58.Rb4+ Kf3 59.Ke5 g3 60.Rb3+ Kg4 61.Ke4 g2 62.Rb7 Kg3 63.Rxh7 g1=Q 64.Rg7+ Kf2
65.Rxg1 Kxg1  1/2-1/2

[Event "St Petersburg-ch (Women)"]
[Site "St Petersburg"]
[Date "1998.??.??"]
[Round "?"]
[White "Khramtsova, Elena"]
[Black "Razuvajeva, Julia"]
[Result "0-1"]
[WhiteElo "2150"]
[BlackElo "2115"]

1.d4 d5 2.Nf3 c6 3.c4 e6 4.Nc3 Nf6 5.e3 Be7 6.Qc2 a6 7.cxd5 exd5 8.Bd3 O-O
9.O-O Nbd7 10.Rb1 Re8 11.b4 Nf8 12.a4 Bd6 13.b5 axb5 14.axb5 Bg4 15.Ne1 Bh5
16.h3 Bc7 17.Ne2 Qd6 18.Ng3 Bg6 19.bxc6 bxc6 20.Bd2 Rab8 21.Nf3 Bxd3 22.Qxd3 Ne4
23.Ne2 Ng5 24.Ng3 Nxf3+ 25.gxf3 Qh6 26.Qf5 g6 27.Qg4 Kh8 28.h4 f5 29.Qg5 Qg7
30.Ne2 Ne6 31.Qg2 Qf6 32.h5 gxh5 33.Qh3 Rg8+ 34.Kh1 Ng5 35.Qh4 Qd6 36.Rxb8 Bxb8
37.Ng1 Qg6 38.f4 Nf3 39.Qg3 Nxd2  0-1

[Event "Petrov mem"]
[Site "St Petersburg"]
[Date "1998.??.??"]
[Round "1"]
[White "Dokuchaev, Aleksander"]
[Black "Kharitonov, Sergei"]
[Result "1-0"]
[WhiteElo "2425"]
[BlackElo "2125"]

1.d4 d5 2.c4 c6 3.Nc3 Nf6 4.e3 e6 5.Nf3 Nbd7 6.Qc2 Bd6 7.Bd3 O-O 8.O-O Qe7
9.c5 Bc7 10.e4 dxe4 11.Nxe4 Nd5 12.a3 e5 13.Re1 Re8 14.Nd6 Bxd6 15.Bxh7+ Kh8
16.cxd6 Qxd6 17.Ng5 Qf6 18.Qe4 g6 19.Qh4 Kg7 20.Ne6+ fxe6 21.Bg5 Qxg5 22.Qxg5 Kxh7
23.dxe5 b6 24.Rad1 Ba6 25.Re3 Kg7 26.Rg3 Nf8 27.Rxd5  1-0

[Event "Petrov mem"]
[Site "St Petersburg"]
[Date "1998.??.??"]
[Round "2"]
[White "Klimov, Sergey"]
[Black "Shakhov, Aleksandr E"]
[Result "1-0"]
[WhiteElo "2365"]
[BlackElo "2215"]

1.d4 d5 2.c4 c6 3.Nc3 Nf6 4.e3 e6 5.Nf3 Nbd7 6.Bd3 dxc4 7.Bxc4 b5 8.Bb3 b4
9.Ne2 Be7 10.O-O c5 11.Ng3 Bb7 12.Re1 Ne4 13.d5 exd5 14.Bxd5 Bxd5 15.Qxd5 Nxg3
16.hxg3 O-O 17.e4 Nb6 18.Qh5 Rc8 19.g4 Qd7 20.g5 Rfd8 21.g3 Qe6 22.Kg2 c4
23.Bf4 c3 24.bxc3 bxc3 25.Rh1 Qg6 26.Qxg6 fxg6 27.Rh3 c2 28.Rah1 Rd1 29.Rxh7 Rxh1
30.Rxh1 Nc4 31.Nd4 Nb2 32.Nb3 Nd3 33.Be3 Bb4 34.Bxa7 Ne1+ 35.Kh3 Ra8 36.Be3 Rxa2
37.Nd4 Bc3 38.Ne2 Ra1 39.Nxc3 Ra3 40.Ne2  1-0

[Event "Petrov mem"]
[Site "St Petersburg"]
[Date "1998.??.??"]
[Round "2"]
[White "Popov, Valerij"]
[Black "Skatchkov, Pavel"]
[Result "0-1"]
[WhiteElo "2505"]
[BlackElo "2415"]

1.d4 d5 2.c4 e6 3.Nf3 Nf6 4.Nc3 c6 5.e3 Nbd7 6.Qc2 Bd6 7.Bd3 O-O 8.O-O h6
9.Rd1 Qe7 10.c5 Bc7 11.e4 dxe4 12.Nxe4 Nd5 13.Bd2 e5 14.Re1 exd4 15.Nd6 Qf6
16.Ne8 Qd8 17.Nxc7 Qxc7 18.Nxd4 Ne5 19.Bf1 Ng4 20.g3 Ngf6 21.Bg2 Bd7 22.h3 Rfe8
23.b4 Rxe1+ 24.Rxe1 Re8 25.Rxe8+ Bxe8 26.a4 Bd7 27.Qd3 Qe5 28.f4 Qe7 29.Kh2 a5
30.b5 Qxc5 31.Bxa5 cxb5 32.Nxb5 Bc6 33.Be1 Qc1 34.Bf2 Qb2 35.Qd4 Qb3 36.Nd6 Qa3
37.g4  0-1

[Event "St Petersburg (Women)"]
[Site "St Petersburg"]
[Date "1998.??.??"]
[Round "2"]
[White "Polyakova, Natalia"]
[Black "Koroljova, Valerija"]
[Result "0-1"]
[WhiteElo "2215"]
[BlackElo "2195"]

1.d4 d5 2.Nf3 Nf6 3.c4 e6 4.Nc3 c6 5.e3 Nbd7 6.Be2 dxc4 7.Bxc4 b5 8.Bd3 a6
9.O-O c5 10.a4 b4 11.Ne2 Bb7 12.a5 Rc8 13.Bd2 c4 14.Bc2 Bd6 15.Qe1 b3 16.Bb1 h5
17.Bb4 Bb8 18.Nc3 Bxf3 19.gxf3 Qc7 20.f4 g5 21.f3 gxf4 22.e4 Ba7 23.Ne2 Ne5
24.Qh4 Qd8 25.Qxf4 Nd3 26.Bxd3 cxd3 27.Nc3 Qxd4+ 28.Kh1 Rg8 29.Bd6 Nd7 30.Rad1 Rc6
31.Ba3 Bc5 32.Bxc5 Rxc5 33.Qd2 Ne5 34.Qf2 Qxf2 35.Rxf2 Rxa5 36.f4 Nc4 37.Rxd3 Ra1+
38.Rd1 Rxd1+ 39.Nxd1 Ke7 40.Rf3 Rd8 41.Nf2 Rd2 42.Nd3 Kd6 43.e5+ Kd5  0-1

[Event "Petrov mem"]
[Site "St Petersburg"]
[Date "1998.??.??"]
[Round "5"]
[White "Virovlansky, Semen"]
[Black "Yagupov, Igor"]
[Result "0-1"]
[WhiteElo "2345"]
[BlackElo "2450"]

1.d4 d5 2.c4 c6 3.Nc3 Nf6 4.e3 e6 5.Nf3 Nbd7 6.Qc2 Bd6 7.Be2 O-O 8.O-O dxc4
9.Bxc4 a6 10.e4 e5 11.h3 b5 12.Be2 Bb7 13.Bg5 exd4 14.Nxd4 Qc7 15.Nf5 Bh2+
16.Kh1 Bf4 17.Bh4 Rfe8 18.Bf3 g6 19.Nd4 h5 20.Rad1 Nh7 21.Nde2 Be5 22.a3 Ndf6
23.Bxf6 Nxf6 24.Nc1 Bxc3 25.bxc3 c5 26.Rfe1 Re5 27.Re3 Rae8 28.Rde1 c4 29.a4 Bc6
30.axb5 axb5 31.Na2 Qb7 32.Nb4 Bxe4 33.Qd2 R5e6 34.Qd4 Bxf3 35.Rxe6 Bxg2+
36.Kg1 Rxe6 37.Rxe6 fxe6 38.Qxf6 Bxh3 39.Qxg6+ Qg7 40.Qxg7+ Kxg7 41.Nc6 Bf5
42.Nd4 b4 43.cxb4 c3 44.b5 c2 45.Nb3 Kf6 46.b6 Be4 47.Kh2 Kg5 48.Kg3 e5 49.Kh3 Ba8
50.Kg3 Kf5 51.Kh4 Ke4 52.Kxh5 Kd3 53.Kg4 e4 54.Kf4 Kc3 55.Nc1 Kb2 56.Ne2 c1=Q+
57.Nxc1 Kxc1  0-1

[Event "Rilton Cup 97/98"]
[Site "Stockholm"]
[Date "1998.??.??"]
[Round "2"]
[White "Akesson, Ralf"]
[Black "Ronneland, Daniel"]
[Result "1-0"]
[WhiteElo "2520"]
[BlackElo "2320"]

1.d4 d5 2.c4 c6 3.Nc3 Nf6 4.e3 e6 5.Nf3 Nbd7 6.Bd3 dxc4 7.Bxc4 b5 8.Bd3 a6
9.e4 b4 10.Na4 c5 11.e5 Nd5 12.O-O Qc7 13.Nxc5 Nxc5 14.dxc5 Bxc5 15.Bd2 h6
16.Rc1 Bb7 17.Qa4+ Kd8 18.Nd4 Qb6 19.Nb3 Bd4 20.Na5 Ke7 21.Rc4 Bxe5 22.Bxb4+ Kf6
23.Bc5 Qb5 24.f4 Bxb2 25.Qc2 Nb6 26.Rb4 Qxb4 27.Bxb4 Bd4+ 28.Kh1 Bd5 29.Bc3 Bxc3
30.Qxc3+ Ke7 31.Qc5+  1-0

[Event "Rilton Cup 97/98"]
[Site "Stockholm"]
[Date "1998.??.??"]
[Round "8"]
[White "Petronic, Jovan"]
[Black "Khenkin, Igor"]
[Result "1/2-1/2"]
[WhiteElo "2490"]
[BlackElo "2550"]

1.Nf3 d5 2.c4 c6 3.d4 Nf6 4.Nc3 e6 5.e3 Nbd7 6.a3 Bd6 7.Bd3 O-O 8.O-O Qe7
9.e4 dxc4 10.Bxc4 e5 11.Ba2 exd4 12.Nxd4 Ne5 13.f3 Rd8 14.Be3 Ng6 15.Qe1 Qe5
16.g3 Bc5 17.Nc2 Be6 18.Bxe6 Bxe3+ 19.Nxe3 Qxe6 20.Qe2 h5 21.Rad1  1/2-1/2

[Event "SVK-chT1W 9798"]
[Site "SVK"]
[Date "1998.??.??"]
[Round "?"]
[White "Salai, Ladislav"]
[Black "Blaho, Stefan"]
[Result "1-0"]
[WhiteElo "2440"]
[BlackElo "2185"]

1.d4 d5 2.c4 c6 3.Nf3 Nf6 4.Nc3 e6 5.e3 Nbd7 6.Bd3 dxc4 7.Bxc4 b5 8.Bd3 a6
9.e4 c5 10.d5 c4 11.dxe6 fxe6 12.Bc2 Qc7 13.Nd4 Nc5 14.O-O Bd6 15.f4 e5 16.Ndxb5 axb5
17.Nxb5 Qe7 18.Qxd6 Qxd6 19.Nxd6+ Ke7 20.fxe5 Nfxe4 21.Nxe4  1-0

[Event "SVK-chT1W 9798"]
[Site "SVK"]
[Date "1998.??.??"]
[Round "?"]
[White "Mihalik, Marek"]
[Black "Kolcak, Marek"]
[Result "0-1"]
[WhiteElo "2105"]
[BlackElo "2175"]

1.d4 d5 2.Nf3 c6 3.c4 Nf6 4.Nc3 e6 5.e3 Nbd7 6.Bd3 dxc4 7.Bxc4 b5 8.Bd3 a6
9.a3 c5 10.Ne4 c4 11.Nxf6+ Nxf6 12.Bc2 Bb7 13.O-O Bd6 14.Re1 Ne4 15.Ne5 Bxe5
16.dxe5 Qxd1 17.Rxd1 Rd8 18.f3 Rxd1+ 19.Bxd1 Nc5 20.Bd2 Ke7 21.Bc2 Rc8 22.Bb4 g6
23.Rd1 Ke8 24.Rd6 Nd7 25.Bc3 Rc5 26.Bd4 Rc6 27.Be4 Rxd6 28.Bxb7 Rd5 29.Bxd5 exd5
30.g4 Kd8 31.f4 Nb8 32.Kf2 Nc6 33.Bc5 a5 34.Ke2 b4 35.Kd2 Kd7 36.Kc2 Ke6
37.Kd2 g5 38.Bb6 gxf4 39.exf4 d4 40.axb4 axb4 41.Bc7 Kd5 42.h3 Ke4 43.Bd6 c3+
44.bxc3 dxc3+ 45.Kc1 b3 46.Kb1 Nd4  0-1

[Event "SVK-chT1W 9798"]
[Site "SVK"]
[Date "1998.??.??"]
[Round "?"]
[White "Zpevak, Pavel"]
[Black "Franzen, Josef"]
[Result "1-0"]
[WhiteElo "2380"]
[BlackElo "2325"]

1.d4 Nf6 2.c4 e6 3.Nf3 d5 4.Nc3 c6 5.e3 Nbd7 6.Bd3 dxc4 7.Bxc4 b5 8.Bd3 a6
9.e4 c5 10.e5 cxd4 11.Nxb5 axb5 12.exf6 Qb6 13.fxg7 Bxg7 14.O-O Bb7 15.Qe2 O-O
16.Re1 Nc5 17.Bxh7+ Kxh7 18.Ng5+ Kg6 19.Qg4 f5 20.Qg3 Bf6 21.b4 Qc6 22.bxc5 Rg8
23.Rxe6 Rae8 24.Ne4+ Kf7 25.Rxc6 Rxe4 26.Rc7+ Be7 27.Bg5  1-0

[Event "SVK-chT2C 9899"]
[Site "SVK"]
[Date "1998.??.??"]
[Round "2"]
[White "Milovnik, J."]
[Black "Listiak, J."]
[Result "1/2-1/2"]
[WhiteElo "2105"]
[BlackElo "2080"]

1.d4 e6 2.c4 d5 3.Nc3 c6 4.e3 Nf6 5.Nf3 Nbd7 6.Bd3 dxc4 7.Bxc4 b5 8.Bd3 a6
9.e4 c5 10.d5 Nb6 11.dxe6 Bxe6 12.e5 Nfd5 13.Bg5 Be7 14.Ne4 O-O 15.O-O h6
16.Bxe7 Qxe7 17.Qe1 Nf4 18.Qa5 Nc4 19.Bxc4 Bxc4  1/2-1/2

[Event "SVK-chT2C 9899"]
[Site "SVK"]
[Date "1998.??.??"]
[Round "2"]
[White "Oravec, P."]
[Black "Kekely, L."]
[Result "1/2-1/2"]
[WhiteElo "1890"]
[BlackElo "2075"]

1.Nf3 d5 2.d4 Nf6 3.c4 c6 4.Nc3 e6 5.e3 Bd6 6.Bd3 O-O 7.Qc2 h6 8.a3 b6 9.cxd5 cxd5
10.Bd2 Bb7 11.O-O Nbd7 12.Rac1 Rc8 13.Qb1 Qe7 14.Nb5 a5 15.Nxd6 Qxd6 16.b4 a4
17.b5 Rxc1 18.Rxc1 Qb8 19.Qb4 Qa8 20.Bc2 Rc8 21.Qxa4 Qxa4 22.Bxa4 Rxc1+ 23.Bxc1 Ne4
24.Bd2 Nxd2 25.Nxd2 Kf8 26.Bd1 Ke7 27.Kf1 Kd6 28.f4 Nf6 29.h3 Ne4 30.Nb1 f6
31.g4 e5 32.Ke2 Bc8 33.Bc2 h5 34.Kf3 hxg4+ 35.hxg4 Bb7 36.a4 exd4 37.exd4 Ke6
38.Bxe4 dxe4+ 39.Ke3 Kd5 40.Nd2 Bc8 41.f5 Bd7 42.Nxe4 Kc4 43.Kf4 Kxd4 44.g5 fxg5+
45.Nxg5 Kd5 46.Ne4 Kc4 47.f6 gxf6 48.Nxf6 Bh3 49.Ke5 Kb4 50.Nd5+ Kxa4 51.Nxb6+  1/2-1/2

[Event "SVK-chT1E 9899"]
[Site "SVK"]
[Date "1998.??.??"]
[Round "2"]
[White "Tibensky, Robert"]
[Black "Varga, Peter"]
[Result "1/2-1/2"]
[WhiteElo "2435"]
[BlackElo "2390"]

1.d4 Nf6 2.Nf3 e6 3.e3 d5 4.c4 c6 5.Nc3 Nbd7 6.Qc2 Bd6 7.Be2 O-O 8.O-O dxc4
9.Bxc4 a6 10.Ne4 Nxe4 11.Qxe4 Qe7 12.b3 c5 13.Bb2 Nf6 14.Qh4 cxd4 15.exd4 Nd5
16.Qe4 Nf6 17.Qh4  1/2-1/2

[Event "SVK-chT1E 9899"]
[Site "SVK"]
[Date "1998.??.??"]
[Round "3"]
[White "Mesiarik, Rudolf"]
[Black "Bzowski, Blazej"]
[Result "1-0"]
[WhiteElo "2270"]
[BlackElo "2235"]

1.Nf3 d5 2.c4 c6 3.e3 Nf6 4.Nc3 e6 5.d4 Nbd7 6.Bd3 dxc4 7.Bxc4 b5 8.Bd3 a6
9.O-O Bb7 10.Qe2 c5 11.Rd1 Qc7 12.e4 cxd4 13.Nxd4 Bd6 14.Nf3 b4 15.Nb1 Ng4
16.h3 h5 17.Nbd2 Bc5 18.hxg4 hxg4 19.Nf1 gxf3 20.Qxf3 Ne5 21.Qe2 Qe7 22.Be3 Qh4
23.f3 Bd6 24.Bc2 Rd8 25.Ba4+ Ke7 26.Rxd6 Kxd6 27.Qd2+ Kc7 28.Qc2+ Kb8 29.Rd1 Rxd1
30.Qxd1 Rd8 31.Qb3 Nd3 32.Qc2 f5 33.Bb6 Rd6 34.Bc7+ Ka8 35.Bxd6 fxe4 36.Bg3 Qf6
37.Qc7 e5 38.fxe4 Bxe4 39.Qc4  1-0

[Event "SVK-chT1W 9899"]
[Site "SVK"]
[Date "1998.??.??"]
[Round "4"]
[White "Blaho, Stefan"]
[Black "Mikita, Jozef"]
[Result "1/2-1/2"]
[WhiteElo "2165"]
[BlackElo "2215"]

1.d4 d5 2.c4 c6 3.Nc3 Nf6 4.Nf3 e6 5.e3 Nbd7 6.Be2 dxc4 7.a4 Bb4 8.O-O O-O
9.Bxc4 Bd6 10.e4 e5 11.Bg5 h6 12.Bh4 Qe7 13.Re1 Re8 14.Kh1 g5 15.Bg3 Ng4
16.Nh4 Nb6 17.Nf5 Bxf5 18.exf5 h5 19.Bb3 e4 20.h3 Bxg3 21.hxg4 Bxf2 22.Rxe4 Qd6
23.Qd2 Bh4 24.Rf1 Nd5 25.Nxd5 cxd5 26.Rxe8+ Rxe8 27.gxh5  1/2-1/2

[Event "SVK-chT1E 9798"]
[Site "SVK"]
[Date "1998.??.??"]
[Round "5"]
[White "Pal, Peter"]
[Black "Banduka, Zeljko"]
[Result "1-0"]
[WhiteElo "2225"]
[BlackElo "2180"]

1.d4 d5 2.Nf3 Nf6 3.c4 c6 4.Nc3 e6 5.e3 Nbd7 6.Qc2 Bd6 7.g4 Bb4 8.Bd2 dxc4
9.Bxc4 b5 10.Bd3 a6 11.g5 Nd5 12.Bxh7 c5 13.Be4 N7b6 14.g6 f6 15.Nxd5 Bxd2+
16.Nxd2 exd5 17.dxc5 Nc4 18.Nxc4 bxc4 19.O-O-O  1-0

[Event "SVK-chT 9798"]
[Site "SVK"]
[Date "1998.??.??"]
[Round "7"]
[White "Kolesar, Milan"]
[Black "Hacik, Radomir"]
[Result "1/2-1/2"]
[WhiteElo "2225"]
[BlackElo "2210"]

1.Nf3 Nf6 2.c4 e6 3.Nc3 d5 4.d4 c6 5.e3 Bd6 6.Bd3 Nbd7 7.O-O O-O 8.e4 dxc4
9.Bxc4 e5 10.Bg5 b5 11.Bb3 exd4 12.Qxd4 Bc5 13.Qd3 Qc7 14.Bh4 Nh5 15.Rac1 Ne5
16.Nxe5 Qxe5 17.Nd5 cxd5 18.Rxc5 Nf4 19.Qf3 dxe4 20.Qe3 Qd4 21.Qxd4 Ne2+
22.Kh1 Nxd4 23.Bd5 Rb8 24.Bg3 Rb6 25.Bxe4 Bb7 26.Bd3 Ne6 27.Rxb5 Rd8 28.Rxb6 axb6
29.Rd1 Be4 30.Be2 Rc8 31.f3 Rc2 32.Bf1 Bc6 33.Be5 Rc5 34.Bc3 f6 35.Kg1 Kf7
36.a3 g5 37.h3 h5 38.Rd2 Nf4 39.Kf2 Nd5 40.Bd4 Rc1 41.Be2 b5 42.Bd1 Nf4 43.Bc3 Ke6
44.Bd4 h4 45.Be3 Ke5 46.Bb3 Rh1 47.Bd4+ Kf5 48.Bc3 b4 49.Bxb4 Bb5 50.Bc3 Nd3+
51.Ke3 Re1+ 52.Kd4 Re7 53.Bd5 Rd7 54.a4 Bc6 55.Rxd3 Rxd5+ 56.Kc4 Rxd3 57.Kxd3 Bxa4
58.Kc4 Ke6  1/2-1/2

[Event "SVK-chT 9798"]
[Site "SVK"]
[Date "1998.??.??"]
[Round "9"]
[White "Kaniansky, Miroslav"]
[Black "Kriz, Mario"]
[Result "1-0"]
[WhiteElo "2155"]
[BlackElo "2135"]

1.d4 Nf6 2.Nf3 d5 3.c4 c6 4.Nc3 e6 5.e3 Nbd7 6.Bd3 Bd6 7.O-O O-O 8.e4 dxe4
9.Nxe4 Nxe4 10.Bxe4 Nf6 11.Bc2 c5 12.Bg5 cxd4 13.Qxd4 Be7 14.Qh4 h6 15.Bxh6 gxh6
16.Qxh6 Qa5 17.Ng5 e5 18.Rae1 Qd2 19.Bh7+ Kh8 20.Re4  1-0

[Event "SVK-chT 9798"]
[Site "SVK"]
[Date "1998.??.??"]
[Round "10"]
[White "Timoshchenko, Gennadi A"]
[Black "Koutsin, Sergey"]
[Result "1/2-1/2"]
[WhiteElo "2520"]
[BlackElo "2400"]

1.d4 Nf6 2.Nf3 d5 3.c4 c6 4.Nc3 e6 5.e3 a6 6.a4 c5 7.Bd3 Nc6 8.O-O Bd6 9.Qe2 O-O
10.Rd1 Qc7 11.h3 Bd7 12.Bd2 Nb4 13.dxc5 Bxc5 14.cxd5 exd5 15.Rdc1 Qd6 16.Bb1 Rfe8
17.Qd1 Rac8 18.Ne2 Ne4 19.Ned4 Ba7 20.Rxc8 Bxc8 21.Be1 Bb8 22.Ba2 Nxa2 23.Rxa2 g5
24.Kf1 h5 25.Ng1 g4 26.hxg4 hxg4 27.g3 Qh6 28.b3 Bd7 29.Rc2 Be5 30.Nde2 Bf5
31.Rc1 Qh1 32.Nd4 Bd7 33.Ne2 Bf5  1/2-1/2

[Event "SVE-chT 9798"]
[Site "Sweden"]
[Date "1998.??.??"]
[Round "8"]
[White "Malmstig, Erik"]
[Black "Akesson, Joel"]
[Result "1-0"]
[WhiteElo "2305"]
[BlackElo "2290"]

1.d4 d5 2.c4 c6 3.Nf3 Nf6 4.Nc3 e6 5.e3 Nbd7 6.Qc2 Bd6 7.Be2 O-O 8.O-O dxc4
9.Bxc4 Qe7 10.h3 e5 11.e4 exd4 12.Nxd4 Ne5 13.Be2 Rd8 14.Be3 Ng6 15.Nf3 Nf4
16.Rfe1 Nxe2+ 17.Rxe2 Bb4 18.e5 Bxc3 19.bxc3 Nd5 20.Bg5 Qe8 21.Bxd8 Qxd8
22.Rd1 Qe7 23.Red2 g6 24.c4 Bf5 25.Qb2 Nb6 26.Qd4 Be6 27.Rc1 Qa3 28.Rdc2 Bf5
29.Rc3 Qxa2 30.Ng5 Qb2 31.Nxf7 Kxf7 32.g4 c5 33.Qf4 Na4 34.Rf3 Qd4 35.gxf5 Qxf4
36.Rxf4 gxf5 37.Rxf5+ Ke6 38.Rh5 a6 39.f4 Rg8+ 40.Kf2 Rg7 41.Kf3 b5 42.Rh6+ Rg6
43.Rxh7 b4 44.Ke4  1-0

[Event "Szeged TT04 IM"]
[Site "Szeged"]
[Date "1998.??.??"]
[Round "1"]
[White "Dovzik, Juri"]
[Black "Bogdan, Dan"]
[Result "1/2-1/2"]
[WhiteElo "2375"]
[BlackElo "2410"]

1.d4 d5 2.c4 c6 3.Nc3 Nf6 4.Nf3 e6 5.e3 Be7 6.Bd3 dxc4 7.Bxc4 O-O 8.O-O b5
9.Be2 a6 10.a3 c5 11.dxc5 Bxc5 12.b4 Bb6 13.Qb3 Qe7  1/2-1/2

[Event "EST-chT"]
[Site "Tallinn"]
[Date "1998.??.??"]
[Round "7"]
[White "Veingold, Aleksandr"]
[Black "Vooremaa, Andres"]
[Result "1/2-1/2"]
[WhiteElo "2475"]
[BlackElo "2305"]

1.d4 d5 2.Nf3 c6 3.c4 Nf6 4.Nc3 e6 5.e3 Nbd7 6.Bd3 Bd6 7.O-O O-O 8.e4 dxc4
9.Bxc4 e5 10.Bg5 Qe7 11.Bb3 exd4 12.Nxd4 Nc5 13.Bc2 Bg4 14.Bxf6 Qxf6 15.Qxg4 Qxd4
16.a3 Qd2 17.Rac1 Qf4 18.Qxf4 Bxf4 19.Rcd1 Rfd8 20.g3 Be5 21.f4 Bd4+ 22.Kg2 a5
23.e5 g6 24.h4 f6 25.exf6 Bxf6 26.Rfe1 Kf7  1/2-1/2

[Event "Tampere ELO Taraus"]
[Site "Tampere"]
[Date "1998.??.??"]
[Round "1"]
[White "Paldanius, Pekka"]
[Black "Heinimaki, Leo"]
[Result "1-0"]
[WhiteElo "2260"]
[BlackElo "2080"]

1.Nf3 d5 2.d4 c6 3.c4 Nf6 4.Nc3 e6 5.e3 Nbd7 6.Qc2 Bd6 7.b3 O-O 8.Be2 dxc4
9.bxc4 e5 10.O-O Re8 11.Bb2 e4 12.Nd2 Qe7 13.Rae1 c5 14.f3 exf3 15.Bxf3 cxd4
16.exd4 Qxe1 17.Rxe1 Rxe1+ 18.Kf2 Rh1 19.h3 Nf8 20.Ne2 Ng6 21.Nf1 Nh4 22.Neg3 Bxg3+
23.Nxg3 Rh2 24.Nf1 Rh1 25.Qb3 a5 26.Ng3 Rh2 27.Kg1 a4 28.Qb6  1-0

[Event "Tampere ELO Taraus"]
[Site "Tampere"]
[Date "1998.??.??"]
[Round "4"]
[White "Paasikangas, Johanna"]
[Black "Molander, Riku"]
[Result "1-0"]
[WhiteElo "2285"]
[BlackElo "2235"]

1.d4 d5 2.c4 c6 3.Nc3 Nf6 4.Nf3 e6 5.e3 Nbd7 6.Qc2 Bd6 7.b3 O-O 8.Be2 Qe7
9.O-O b6 10.e4 dxe4 11.Nxe4 Nxe4 12.Qxe4 Bb7 13.Bb2 Nf6 14.Qh4 c5 15.Rad1 Rad8
16.Rd3 Ne4 17.Qh5 Nf6 18.Qh3 Be4 19.Rdd1 cxd4 20.Nxd4 Bc5 21.Bf3 Bxd4 22.Bxd4 Bc2
23.Rd2 e5 24.Bc3 Rxd2 25.Bxd2 Ne4 26.Bxe4 Bxe4 27.Qe3 Bg6 28.Bc3 f6 29.f4 Rd8
30.fxe5 Rd3 31.Qe1 Qc5+ 32.Kh1 Qe3 33.Ba1 Qxe1 34.Rxe1 fxe5 35.Bxe5 Rd2 36.h3 Rxa2
37.Kh2 Bc2 38.Re3 Ra3 39.Rc3 Bd1 40.Rd3 Bc2 41.Rd7 Bxb3 42.Rxg7+ Kf8 43.Rg3  1-0

[Event "Tampere ELO Taraus"]
[Site "Tampere"]
[Date "1998.??.??"]
[Round "4"]
[White "Sammalvuo, Tapani"]
[Black "Agopov, Mikael"]
[Result "1/2-1/2"]
[WhiteElo "2395"]
[BlackElo "2330"]

1.c4 Nf6 2.Nc3 c6 3.Nf3 d5 4.e3 e6 5.d4 Nbd7 6.Qc2 Bd6 7.Be2 O-O 8.O-O dxc4
9.Bxc4 Qe7 10.Bd3 Re8 11.h3 e5 12.Ng5 h6 13.Nge4 Bc7 14.Ng3 exd4 15.exd4 Qd6
16.Qd1 Nb6 17.Bc2 Be6 18.Re1 Rad8 19.Nce4 Nxe4 20.Rxe4 Bc4 21.Rg4 Be2 22.Nxe2 Qh2+
23.Kf1 Qh1+ 24.Ng1 Bh2 25.Be3 Qxg1+ 26.Ke2 Qxd1+ 27.Rxd1 Bc7 28.Kf3 Kf8 29.Bb3 Nd5
30.Re4 Bb6 31.Rxe8+ Kxe8 32.g4 Kd7 33.h4 Re8 34.Bc1 Bd8 35.g5 hxg5 36.hxg5 Bb6
37.Bc2 g6 38.Be3 Rh8 39.Bb3 Rh4 40.Kg3  1/2-1/2

[Event "Tampere ELO Taraus"]
[Site "Tampere"]
[Date "1998.??.??"]
[Round "6"]
[White "Sammalvuo, Tapani"]
[Black "Maki Uuro, Miikka"]
[Result "1-0"]
[WhiteElo "2395"]
[BlackElo "2315"]

1.Nf3 d5 2.c4 c6 3.e3 Nf6 4.Nc3 e6 5.d4 Nbd7 6.Qc2 Bd6 7.Be2 O-O 8.O-O dxc4
9.Bxc4 Qe7 10.a3 e5 11.h3 exd4 12.exd4 Bc7 13.Re1 Qd6 14.Ba2 Nb6 15.Re5 Be6
16.Bxe6 fxe6 17.Ne4 Qe7 18.Bg5 h6 19.Bh4 Qf7 20.Nxf6+ gxf6 21.Rxe6 Qxe6 22.Qg6+ Kh8
23.Qxh6+ Kg8 24.Qg6+ Kh8 25.Re1 Qf7 26.Qh6+ Kg8 27.Re4 f5 28.Re7 Nd5 29.Rxf7 Rxf7
30.Ng5 Bf4 31.Qg6+ Rg7 32.Qe6+ Kh8 33.Nf7+ Kg8 34.Ne5+ Kh8 35.Ng6+ Kh7 36.Nxf4 Nxf4
37.Qxf5+ Ng6 38.Bf6  1-0

[Event "Tampere ELO Taraus"]
[Site "Tampere"]
[Date "1998.??.??"]
[Round "8"]
[White "Kallio, Heikki"]
[Black "Norri, Joose"]
[Result "1/2-1/2"]
[WhiteElo "2330"]
[BlackElo "2405"]

1.Nf3 Nf6 2.c4 e6 3.Nc3 d5 4.e3 c6 5.d4 Nbd7 6.b3 Bb4 7.Bd2 O-O 8.Bd3 Qe7
9.O-O dxc4 10.bxc4 e5 11.Bc2 Re8 12.c5 Bxc3 13.Bxc3 Nd5 14.Bb2 e4 15.Nd2 f5
16.Nc4 N7f6 17.Bc1 Nb4 18.Bb3 Kh8 19.Ne5 Nbd5 20.h3 Be6 21.Bd2 g5 22.f3 Rg8
23.fxe4 Nxe4 24.Bxd5 cxd5 25.Be1 g4 26.h4 g3 27.Rf4 Rg7 28.a4 Rf8 29.Rc1 Bd7
30.a5 a6 31.Rb1 Bb5 32.Qf3 Qe6 33.Bb4 Rf6 34.Be1 Kg8 35.Rc1 Bd7 36.Rb1 Bb5
37.Rc1 Kh8 38.Rc2 Rg8 39.Rc1 Bd7 40.Rb1 Bb5 41.Rc1 Rg7  1/2-1/2

[Event "Tatry op"]
[Site "Tatranska Lomnica"]
[Date "1998.??.??"]
[Round "2"]
[White "Ostrowski, Leszek"]
[Black "Cvicela, Anton"]
[Result "1-0"]
[WhiteElo "2340"]
[BlackElo "2175"]

1.Nf3 d5 2.d4 Nf6 3.c4 c6 4.Nc3 e6 5.e3 Nbd7 6.Bd3 dxc4 7.Bxc4 b5 8.Bd3 Bb7
9.e4 b4 10.Na4 c5 11.e5 Nd5 12.dxc5 Bxc5 13.O-O h6 14.Qe2 Rc8 15.Bd2 Bc6
16.Bc2 Qa5 17.Nxc5 Bb5 18.Bd3 Rxc5 19.Nd4 Bxd3 20.Qxd3 Qb6 21.Qg3 g6 22.Nf3 Rc7
23.Qh4 h5 24.Rac1 Rxc1 25.Rxc1 Qb7 26.Qe4 a5 27.Nd4 O-O 28.Nxe6 f6 29.Qxg6+ Kh8
30.Qxh5+ Kg8 31.Qg6+ Kh8 32.Rc4  1-0

[Event "Tatry op"]
[Site "Tatranska Lomnica"]
[Date "1998.??.??"]
[Round "3"]
[White "Veselsky, Jozef"]
[Black "Jacek, Martin"]
[Result "1-0"]
[WhiteElo "2275"]
[BlackElo "2130"]

1.d4 d5 2.Nf3 e6 3.c4 c6 4.e3 Nf6 5.Nc3 Nbd7 6.Be2 Be7 7.O-O O-O 8.b3 b6
9.Bb2 Bb7 10.cxd5 cxd5 11.Bd3 Ne4 12.Nd2 f5 13.f3 Nxc3 14.Bxc3 Bd6 15.f4 Nf6
16.Bb2 Ne4 17.Qe2 Rc8 18.Rfc1 Qe7 19.Nf3 Rfd8 20.h3 Rxc1+ 21.Rxc1 Rd7 22.Ba6 Bxa6
23.Qxa6 Rc7 24.Qf1 Ng3 25.Qb5 Rxc1+ 26.Bxc1 h6 27.Bd2 Ne4 28.Be1 Kf7 29.Kh2 Qc7
30.Bb4 Bxb4 31.Ne5+ Kf6 32.Qe8 g5 33.Qg6+ Ke7 34.Qf7+ Kd6 35.Qe8 gxf4 36.exf4 Bd2
37.Nf7+ Qxf7 38.Qxf7 Bxf4+ 39.Kg1 h5 40.Qxa7 Be3+ 41.Kf1 Bxd4 42.Ke1 h4 43.Qb8+ Kd7
44.a4 Nc5 45.Qa7+ Kc6 46.Qe7 Bc3+ 47.Kd1 d4 48.Qe8+ Kc7 49.Qb5 Ne4 50.Qc4+ Kd6
51.Qa6 Kc7 52.Kc2 Nd6 53.Qe2 Ne4 54.Qh5 Nc5 55.Qxh4 Kc6 56.Qf4 Be1 57.Qxd4  1-0

[Event "Tatry op"]
[Site "Tatranska Lomnica"]
[Date "1998.??.??"]
[Round "4"]
[White "Ruckschloss, Karol"]
[Black "Vesely, Tomas"]
[Result "1-0"]
[WhiteElo "2225"]
[BlackElo "2150"]

1.c4 Nf6 2.d4 c6 3.Nc3 d5 4.e3 e6 5.Nf3 Be7 6.Bd3 O-O 7.O-O a6 8.b3 b6 9.e4 dxe4
10.Nxe4 Nbd7 11.Qc2 h6 12.Bf4 Bb7 13.Nd6 Ra7 14.Nxb7 Rxb7 15.Rad1 Nh5 16.Be3 Qc7
17.Rfe1 Nf4 18.Bf1 Bb4 19.Nd2 a5 20.Qe4 Ng6 21.Bd3 e5 22.Qf5 Rc8 23.d5 Nc5
24.Bb1 cxd5 25.cxd5 Qd7 26.Qh5 Nf4 27.Qf3 Ncd3 28.Rf1 f5 29.Bxf4 Nxf4 30.Nc4 Bd6
31.Bxf5 Qe7 32.Rfe1 Rf8 33.Qe4 g6 34.Be6+ Kg7 35.Nxd6 Qxd6 36.g3 Nxe6 37.dxe6 Qb8
38.Qxe5+ Qxe5 39.Rxe5 Kf6 40.Re3 Re7 41.Rf3+ Kg7 42.Rd7  1-0

[Event "Tatry op"]
[Site "Tatranska Lomnica"]
[Date "1998.??.??"]
[Round "8"]
[White "Ruckschloss, Karol"]
[Black "Kana, Pavel"]
[Result "1/2-1/2"]
[WhiteElo "2225"]
[BlackElo "2165"]

1.c4 Nf6 2.d4 e6 3.Nf3 d5 4.e3 c6 5.Nc3 Bd6 6.Bd3 O-O 7.O-O Nbd7 8.e4 dxe4
9.Nxe4 Nxe4 10.Bxe4 e5 11.dxe5 Nxe5 12.Nxe5 Bxe5 13.Bxh7+ Kxh7 14.Qh5+ Kg8
15.Qxe5 Re8 16.Qc3 Bg4 17.b3 Qd6 18.Bb2 Qg6 19.Rfe1 Rad8 20.h3 Be2  1/2-1/2